Письма кн. Юрьевской (Долгоруковой) Екатерины к Лорис-Меликову М. Т.

RUSMARC
00005833nac2a22003973x 450
0014431f16a-aced-4722-bf62-63ab3fcd2441
00520240723144516.0
100##$a20240716l18801885k y0rusy50 ca
1010#$arus
102##$aRU
105##$ay z |||e|
1222#$ad18801231
$ad18851231
2001#$aПисьма кн. Юрьевской (Долгоруковой) Екатерины к Лорис-Меликову М. Т.
$j1880 - 1885
215##$a5 листов
$d33,6 х 22,6
251##$cДело
300##$aЗаголовок дела на папке: Письма кн. Юрьевской Екатерины (Долгоруковой) Лорис-Меликову М. Т.
300##$aВ деле имеются телеграммы
300##$aЛисты: 1 - телеграмма; 2 - оттиск короны с монограммой; 4 - оттиск короны с гербами и лозунгом; 1 - поврежден, надорван по сгибам
300##$aНа папке дела: 1880, 1885 гг.
300##$aРукописный и типографский текст
325##$aЗамикрофильмировано
330##$aВходит в раздел описи: Разные материалы
461#0$1001cda3d175-ae4a-411a-8dea-9cc20fb178f6
$12001
$aЛорис-Меликов Михаил Тариелович, граф, министр внутренних дел, главный начальник "верховной распорядительной комиссии по охранению государственного порядка и общественного спокойствия", генерал от кавалерии
$1251
$cФонд
$1852
$j569
462#0$1001163e060a-d7cc-404d-90ee-e28c9801971b
$12001
$aОпись дел фонда М. Т. Лорис-Меликова за 1858-1915 гг.
$vД. 288
$1251
$cОпись
$1852
$j1
5171#$aПисьма кн. Юрьевской Екатерины (Долгоруковой) Лорис-Меликову М. Т.
600#1$aЛорис-Меликов
$bМ. Т.
$gМихаил Тариелович
600#1$aЮрьевская
$bЕ.
$cДолгорукова, кн.
$gЕкатерина
605##$3DITM\AF\0000002775
$aВласть
$lколлекция
$2acquisition_prlib
6101#$aПисьма
686##$a63.3(2)535-332ю1
$cИстория
$2rubbk
686##$a67.400.6ю1
$cПраво
$2rubbk
700#1$aЮрьевская
$bЕ.
$cДолгорукова, кн.
$gЕкатерина
702#1$aЛорис-Меликов
$bМ. Т.
$gМихаил Тариелович
$4660
801#0$aRU
$bGA_RF
801#1$aRU
$bГлавНИВЦ
$c20240716
$2rusmarc
801#2$aRU
$bПБ им. Б.Н. Ельцина
$c20240723
$gRCR
$2rusmarc
852##$aГА РФ
$j288
937##$d193079981
$hГАРФ
035##$aRuPRLIB51076740
856##$uhttp://readingroom.main.prlib.ru/item.aspx?id_node=n193079981&mode=full
Формат отображения